[Event "16. Obert Int. Sant Martí 2014 Grupo B"]
[Site "Barcelona ESP"]
[Date "2014.07.20"]
[Round "8.62"]
[White "Bes Alvarez, Alex"]
[Black "Navarro Pastor, Raul"]
[Result "0-1"]
[WhiteElo "1734"]
[BlackElo "1868"]
[PlyCount "118"]
[EventDate "2014.07.13"]
[EventType "swiss"]
[EventRounds "9"]
[EventCountry "ESP"]
[Source "lmi"]
[SourceDate "2014.07.13"]

1. d4 Nf6 2. Nf3 g6 3. e3 Bg7 4. Bd3 O-O 5. O-O d6 6. e4 Nc6 7. h3 Re8 8. Nc3
e5 9. dxe5 Nxe5 10. Nxe5 Rxe5 11. f4 Re8 12. Be3 Bd7 13. Qd2 Bc6 14. f5 Nxe4
15. Bxe4 Bxe4 16. Nxe4 Rxe4 17. fxg6 hxg6 18. c3 d5 19. Rab1 d4 20. Bxd4 Bxd4+
21. cxd4 Qxd4+ 22. Qxd4 Rxd4 23. Rfe1 Kf8 24. Kh2 Rad8 25. Rec1 c6 26. a3 Rd2
27. Re1 Rc2 28. Rg1 Rdd2 29. b4 Ke7 30. Rbe1+ Kd6 31. Re8 Kd7 32. Rb8 Kc7 33.
Rf8 Rf2 34. Re8 Kb6 35. Re7 Ra2 36. Re3 a6 37. Kg3 Kb5 38. Ra1 Rxg2+ 39. Kf3
Raf2+ 40. Ke4 Re2 41. Rxe2 Rxe2+ 42. Kd4 f5 43. Kc3 Re3+ 44. Kd4 Rxh3 45. Ke5
Rg3 46. Kf6 Ka4 47. Ke5 Rxa3 48. Rxa3+ Kxa3 49. Kf6 f4 50. Kxg6 f3 51. b5 f2
52. bxa6 bxa6 53. Kg5 f1=Q 54. Kg4 Qf2 55. Kg5 Qf3 56. Kg6 Qf4 57. Kg7 Qf5 58.
Kg8 Qf6 59. Kh7 Qg5 0-1

[Event "16. Obert Int. Sant Martí 2014 Grupo B"]
[Site "Barcelona ESP"]
[Date "2014.07.20"]
[Round "8.63"]
[White "Montoro Rueda, Raul"]
[Black "Cassi Gimeno, Jordi"]
[Result "0-1"]
[WhiteElo "1775"]
[BlackElo "1700"]
[PlyCount "48"]
[EventDate "2014.07.13"]
[EventType "swiss"]
[EventRounds "9"]
[EventCountry "ESP"]
[Source "lmi"]
[SourceDate "2014.07.13"]

1. e4 c5 2. Nf3 a6 3. d4 cxd4 4. Nxd4 e5 5. Nf3 Nf6 6. Bc4 h6 7. Nxe5 Qa5+ 8.
Nc3 Qxe5 9. O-O Bd6 10. g3 Bc5 11. Bf4 Qe7 12. e5 Nh7 13. Nd5 Qd8 14. Qg4 Kf8
15. Rfe1 Ng5 16. b4 Ba7 17. e6 dxe6 18. Qe2 exd5 19. Bd6+ Kg8 20. Bd3 Qxd6 21.
Qe8+ Qf8 22. Re7 Bd7 23. Qxf8+ Kxf8 24. Rae1 Nf3+ 0-1

[Event "16. Obert Int. Sant Martí 2014 Grupo B"]
[Site "Barcelona ESP"]
[Date "2014.07.20"]
[Round "8.64"]
[White "Jimenez Rimblas, Raul"]
[Black "Ballve Monte, Antoni"]
[Result "0-1"]
[WhiteElo "1706"]
[BlackElo "1750"]
[PlyCount "132"]
[EventDate "2014.07.13"]
[EventType "swiss"]
[EventRounds "9"]
[EventCountry "ESP"]
[Source "lmi"]
[SourceDate "2014.07.13"]

1. e4 d6 2. d4 Nc6 3. Nf3 e5 4. dxe5 dxe5 5. Qxd8+ Kxd8 6. Bc4 Be6 7. Bb3 Bd6
8. Ng5 Ke7 9. O-O Nf6 10. Nc3 h6 11. Nf3 Bg4 12. Be3 Bxf3 13. gxf3 g5 14. Kh1
g4 15. fxg4 Nxg4 16. Nd5+ Kd7 17. Rg1 Nxe3 18. Nxe3 Nd4 19. Ng4 Ke7 20. c3 Nf3
21. Rg3 Ng5 22. Nxh6 Nxe4 23. Nf5+ Kd7 24. Rg2 f6 25. Rag1 Bc5 26. Rg7+ Kc6 27.
Ne7+ Kb5 28. a4+ Ka5 29. Rb1 Nd2 30. Rd1 Nxb3 31. Rd5 Rad8 32. Kg1 Rxd5 33.
Nxd5 Rd8 34. Nxc7 Kxa4 35. Ne6 Re8 36. Nc7 Re7 37. Rg4+ e4 38. Nd5 Re6 39. Nc7
Re5 40. Rg7 Rg5+ 41. Rxg5 fxg5 42. Ne6 Be7 43. Kf1 Kb5 44. Nc7+ Kc4 45. Ne6 Nc5
46. Nd4 Kd3 47. Ne2 Kc2 48. Nd4+ Kxb2 49. Nb5 a6 50. Nd4 Kxc3 51. Nf5 Bf8 52.
Ng3 a5 53. Ne2+ Kd2 54. Nd4 a4 55. Nb5 Nd3 56. Nd4 Nxf2 57. Kxf2 Bc5 58. Kf1
Bxd4 59. h4 gxh4 60. Kg2 e3 61. Kf1 e2+ 62. Kg2 e1=Q 63. Kf3 Qe5 64. Kg4 Ke3
65. Kxh4 Kf3 66. Kh3 Qh5# 0-1

[Event "16. Obert Int. Sant Martí 2014 Grupo B"]
[Site "Barcelona ESP"]
[Date "2014.07.20"]
[Round "8.65"]
[White "Olleta Tanya, Jordi"]
[Black "Marabajan Navas, Saul"]
[Result "1-0"]
[WhiteElo "1749"]
[BlackElo "1723"]
[PlyCount "165"]
[EventDate "2014.07.13"]
[EventType "swiss"]
[EventRounds "9"]
[EventCountry "ESP"]
[Source "lmi"]
[SourceDate "2014.07.13"]

1. Nf3 d5 2. g3 Nc6 3. Bg2 Nf6 4. O-O Bf5 5. b3 e6 6. Bb2 Be7 7. d3 O-O 8. Nbd2
Qd6 9. Nh4 Bg4 10. h3 Bh5 11. Bf3 e5 12. Bxh5 Nxh5 13. Nf5 Qe6 14. Nxe7+ Nxe7
15. Kh2 f5 16. e4 Qg6 17. exf5 Nxf5 18. Qg4 Qh6 19. Nf3 Rf6 20. Bc1 Qg6 21.
Qxg6 Rxg6 22. Nxe5 Nfxg3 23. Nxg6 Nxf1+ 24. Kg2 hxg6 25. Kxf1 Rf8 26. Be3 Ng3+
27. Kg2 Nf5 28. Bxa7 Nh4+ 29. Kg3 Nf5+ 30. Kg2 c6 31. Bc5 Rf7 32. Re1 Nh4+ 33.
Kf1 Nf3 34. Re8+ Kh7 35. Re7 Ng5 36. Rxf7 Nxf7 37. Kg2 Nh6 38. a4 Nf5 39. Kf3
Nh4+ 40. Kf4 Ng2+ 41. Kg5 Ne1 42. f4 Nxc2 43. f5 gxf5 44. Kxf5 d4 45. Ke4 g5
46. Kf5 Kh6 47. Be7 Ne3+ 48. Ke4 Nd5 49. Bc5 Nf4 50. h4 b5 51. hxg5+ Kxg5 52.
axb5 cxb5 53. Bxd4 Ne6 54. Bg1 Nc7 55. b4 Na6 56. Bc5 Kf6 57. Kd5 Nc7+ 58. Kc6
Ne6 59. Kxb5 Nf4 60. d4 Nd3 61. Kc4 Nb2+ 62. Kd5 Nd3 63. Kd6 Nf4 64. b5 Ne6 65.
b6 Nd8 66. Kc7 Ne6+ 67. Kc8 Kf5 68. b7 Ke4 69. b8=Q Kd5 70. Qb3+ Ke4 71. Qxe6+
Kd3 72. d5 Kc4 73. Bg1 Kb5 74. Qb6+ Kc4 75. Qc5+ Kd3 76. Qd4+ Ke2 77. d6 Kf3
78. d7 Kg3 79. d8=R Kf3 80. Re8 Kg3 81. Qf6 Kg4 82. Rg8+ Kh5 83. Qh8# 1-0

[Event "16. Obert Int. Sant Martí 2014 Grupo B"]
[Site "Barcelona ESP"]
[Date "2014.07.20"]
[Round "8.66"]
[White "Gomez Albamonte, Sonia"]
[Black "Herrera Vargas, Carlo Esteban"]
[Result "1/2-1/2"]
[WhiteElo "1700"]
[BlackElo "1748"]
[PlyCount "89"]
[EventDate "2014.07.13"]
[EventType "swiss"]
[EventRounds "9"]
[EventCountry "ESP"]
[Source "lmi"]
[SourceDate "2014.07.13"]

1. c4 e5 2. Nc3 Nc6 3. d3 g6 4. g3 Bg7 5. Bg2 Nf6 6. Bd2 O-O 7. Nf3 d6 8. Qc1
Nh5 9. Bh6 Nd4 10. Bxg7 Nxf3+ 11. Bxf3 Nxg7 12. O-O f5 13. Bg2 f4 14. Qd2 fxg3
15. fxg3 c6 16. Rxf8+ Qxf8 17. Rf1 Qe7 18. Ne4 Nh5 19. Ng5 Be6 20. Bh3 Bxh3 21.
Nxh3 Rf8 22. Rxf8+ Qxf8 23. a3 Nf6 24. Nf2 Qe7 25. e4 c5 26. Qg5 Kg7 27. Ng4
Kf7 28. Nh6+ Kf8 29. Qe3 Nh5 30. Ng4 Qe6 31. Nf2 Nf6 32. Qf3 h5 33. h3 Kg7 34.
Kg2 g5 35. Qe3 Kg6 36. Qe2 b6 37. b3 a5 38. Qd1 Qd7 39. Qd2 a4 40. Qb2 Qc6 41.
Qc2 axb3 42. Qxb3 Nd7 43. Nd1 Qa8 44. Nf2 Qa5 45. Qb2 1/2-1/2

[Event "16. Obert Int. Sant Martí 2014 Grupo B"]
[Site "Barcelona ESP"]
[Date "2014.07.20"]
[Round "8.68"]
[White "Doménech López, Laura"]
[Black "Tasmin, Sultana"]
[Result "0-1"]
[WhiteElo "1721"]
[BlackElo "1320"]
[PlyCount "90"]
[EventDate "2014.07.13"]
[EventType "swiss"]
[EventRounds "9"]
[EventCountry "ESP"]
[Source "lmi"]
[SourceDate "2014.07.13"]

1. d4 d6 2. c4 g6 3. Nf3 Nf6 4. Nc3 Bg7 5. h3 O-O 6. e3 b6 7. Bd3 Bb7 8. O-O
Nbd7 9. b3 e5 10. d5 c6 11. e4 cxd5 12. cxd5 Nc5 13. Bc2 Ba6 14. Re1 Qc7 15.
Bb2 Qd7 16. a3 b5 17. b4 Nb7 18. Bb3 Rac8 19. a4 Nd8 20. Nxb5 Bxb5 21. axb5
Qxb5 22. Rxa7 Qxb4 23. Ba3 Qb6 24. Ra4 Nb7 25. Nd2 Nc5 26. Nc4 Qd8 27. Bxc5
Rxc5 28. Qc2 Nh5 29. g3 Qd7 30. h4 Rd8 31. Rea1 Qh3 32. Ra8 Rcc8 33. Nb6 Rxc2
34. Rxd8+ Bf8 35. Bxc2 Nxg3 36. fxg3 Qxg3+ 37. Kf1 Qf3+ 38. Ke1 Qc3+ 39. Ke2
Qxa1 40. Nd7 Qa6+ 41. Bd3 Qa2+ 42. Ke3 Qa7+ 43. Kf3 Qa3 44. Rxf8+ Kg7 45. Re8
Qxd3+ 0-1

[Event "16. Obert Int. Sant Martí 2014 Grupo B"]
[Site "Barcelona ESP"]
[Date "2014.07.20"]
[Round "8.69"]
[White "Orts Gonzalez, Rafael"]
[Black "Martimpé Burgués, Xavier"]
[Result "0-1"]
[WhiteElo "1700"]
[BlackElo "1700"]
[PlyCount "94"]
[EventDate "2014.07.13"]
[EventType "swiss"]
[EventRounds "9"]
[EventCountry "ESP"]
[Source "lmi"]
[SourceDate "2014.07.13"]

1. b3 e5 2. Bb2 d6 3. e4 Nf6 4. d3 Nc6 5. Nc3 Be6 6. Be2 Be7 7. Nf3 h6 8. Nh4
Nxe4 9. dxe4 Bxh4 10. O-O Qg5 11. Bf3 Qg6 12. Nd5 Rc8 13. Bh5 Qxe4 14. Bf3 Qg6
15. Re1 Bh3 16. Re4 Bf6 17. g3 O-O 18. Nc3 Nd4 19. Bg4 Bxg4 20. Rxg4 Qxc2 21.
Qxc2 Nxc2 22. Rc1 Nd4 23. Nd5 Ne2+ 24. Kf1 Nxc1 25. Nxf6+ Kh8 26. Nd7 Rfd8 27.
Nxe5 dxe5 28. Bxe5 f6 29. Ba1 Rd2 30. Rf4 Rxa2 31. Bd4 a5 32. Be3 Rd8 33. Bd4
Ne2 34. Rxf6 Rxd4 35. Re6 Rdd2 36. Re8+ Kh7 37. Rb8 b6 38. Rb7 h5 39. Rxc7 h4
40. Kg2 hxg3 41. hxg3 Nd4 42. Rd7 Rxf2+ 43. Kh3 Nf5 44. Rd3 Kh6 45. Kg4 a4 46.
Rd5 Ne3+ 47. Kh3 Nxd5 0-1

[Event "16. Obert Int. Sant Martí 2014 Grupo B"]
[Site "Barcelona ESP"]
[Date "2014.07.20"]
[Round "8.70"]
[White "Avila Lopez, Joan"]
[Black "Trabado Nieto, David"]
[Result "1-0"]
[WhiteElo "1704"]
[BlackElo "1700"]
[PlyCount "73"]
[EventDate "2014.07.13"]
[EventType "swiss"]
[EventRounds "9"]
[EventCountry "ESP"]
[Source "lmi"]
[SourceDate "2014.07.13"]

1. d4 d5 2. c4 c6 3. Bf4 Bf5 4. e3 Bxb1 5. Rxb1 e6 6. Bd3 Bb4+ 7. Kf1 dxc4 8.
Bxc4 Nf6 9. Nf3 O-O 10. Ke2 b5 11. Bd3 Nd5 12. Bg3 Na6 13. a3 Bc3 14. e4 Rc8
15. exd5 Ba5 16. b4 Bc7 17. dxc6 Bxg3 18. hxg3 Re8 19. Bxh7+ Kf8 20. Rc1 Nc7
21. Kf1 Re7 22. Bd3 Re8 23. Ne5 Ke7 24. Qf3 f6 25. Ng6+ Kf7 26. Ne5+ Ke7 27.
Ng6+ Kf7 28. Qh5 Rh8 29. Nxh8+ Ke7 30. Qf7+ Kd6 31. Qxg7 Kd5 32. Rh5+ Kd6 33.
Nf7+ Ke7 34. Nxd8+ Kxd8 35. Rh8+ Ne8 36. Bg6 Rc7 37. Rxe8# 1-0

[Event "16. Obert Int. Sant Martí 2014 Grupo B"]
[Site "Barcelona ESP"]
[Date "2014.07.20"]
[Round "8.71"]
[White "Tordera Jumilla, Joaquim"]
[Black "Ramos Fernández, Pilar"]
[Result "1/2-1/2"]
[WhiteElo "1700"]
[BlackElo "1700"]
[PlyCount "95"]
[EventDate "2014.07.13"]
[EventType "swiss"]
[EventRounds "9"]
[EventCountry "ESP"]
[Source "lmi"]
[SourceDate "2014.07.13"]

1. d4 Nf6 2. b3 e5 3. Bg5 Bb4+ 4. c3 Bd6 5. e4 h6 6. dxe5 Bxe5 7. Bxf6 Qxf6 8.
Nf3 Nc6 9. b4 O-O 10. Bb5 Qf4 11. O-O a6 12. Bxc6 dxc6 13. Re1 Bg4 14. Qd3 Rad8
15. Qe3 Qxe3 16. Rxe3 Rd1+ 17. Re1 Bxh2+ 18. Kxh2 Rfd8 19. Nbd2 R1xd2 20. Nxd2
Rxd2 21. Kg3 Be6 22. a3 g5 23. Rad1 Rc2 24. Rc1 Ra2 25. Ra1 Rc2 26. Re3 Kg7 27.
Rg1 Ra2 28. f4 g4 29. f5 Bd7 30. Kxg4 Rxa3 31. Rf1 Ra2 32. Rg3 Kf6 33. Kh5 Ke5
34. Rg4 c5 35. Rd1 Ba4 36. Rd5+ Kf6 37. Kxh6 cxb4 38. cxb4 Re2 39. Rd4 Ke5 40.
Rd7 Bxd7 41. Kg7 f6 42. Kf7 Rb2 43. Ke7 Ba4 44. Rg7 Rxb4 45. Rf7 Rxe4 46. Rxf6
Kf4+ 47. Re6 Rc4 48. f6 1/2-1/2

[Event "16. Obert Int. Sant Martí 2014 Grupo B"]
[Site "Barcelona ESP"]
[Date "2014.07.20"]
[Round "8.72"]
[White "Garcia Hernandez, Jose Luis"]
[Black "Perez Ramirez, Placido"]
[Result "1-0"]
[WhiteElo "1700"]
[BlackElo "1800"]
[PlyCount "47"]
[EventDate "2014.07.13"]
[EventType "swiss"]
[EventRounds "9"]
[EventCountry "ESP"]
[Source "lmi"]
[SourceDate "2014.07.13"]

1. e4 e5 2. Nf3 Nc6 3. d4 exd4 4. Bc4 d6 5. Nxd4 Nxd4 6. Qxd4 Nf6 7. O-O Be7 8.
e5 c5 9. Qf4 dxe5 10. Qxe5 O-O 11. Bd3 Bd6 12. Qc3 Qc7 13. g3 b6 14. Nd2 Bb7
15. Nf3 g6 16. Qxf6 Qc6 17. Bh6 Be5 18. Qxc6 Bxc6 19. Nxe5 Rfc8 20. Nxc6 Rxc6
21. Be4 Rac8 22. Bxc6 Rxc6 23. Rad1 f5 24. Rd7 1-0

[Event "16. Obert Int. Sant Martí 2014 Grupo B"]
[Site "Barcelona ESP"]
[Date "2014.07.21"]
[Round "9.1"]
[White "Hinarejos Montano, Andres"]
[Black "Salazar Navas, Josep"]
[Result "1-0"]
[WhiteElo "1837"]
[BlackElo "1927"]
[PlyCount "53"]
[EventDate "2014.07.13"]
[EventType "swiss"]
[EventRounds "9"]
[EventCountry "ESP"]
[Source "lmi"]
[SourceDate "2014.07.13"]

1. f4 d5 2. Nf3 Nf6 3. e3 Bg4 4. Be2 c6 5. O-O Nbd7 6. c3 Bxf3 7. Bxf3 e5 8.
Be2 Bd6 9. d4 exf4 10. exf4 Qe7 11. Nd2 g5 12. f5 h5 13. Re1 O-O-O 14. Bd3 Qf8
15. Nf3 g4 16. Nh4 Be7 17. Bf4 Ne4 18. Qa4 Bxh4 19. Bxe4 dxe4 20. Qxa7 Nf6 21.
Qb8+ Kd7 22. Qxb7+ Ke8 23. Qxc6+ Rd7 24. g3 Rg8 25. gxh4 Qg7 26. Bg5 g3 27. h3
1-0

[Event "16. Obert Int. Sant Martí 2014 Grupo B"]
[Site "Barcelona ESP"]
[Date "2014.07.21"]
[Round "9.2"]
[White "Minguell Soler, Joan"]
[Black "Flores Mendoza, Jose Antonio"]
[Result "0-1"]
[WhiteElo "2046"]
[BlackElo "1905"]
[PlyCount "66"]
[EventDate "2014.07.13"]
[EventType "swiss"]
[EventRounds "9"]
[EventCountry "ESP"]
[Source "lmi"]
[SourceDate "2014.07.13"]

1. d4 e6 2. c4 d5 3. Nc3 Be7 4. Nf3 Nf6 5. Bg5 O-O 6. e3 Nbd7 7. cxd5 exd5 8.
Qc2 c6 9. Bd3 Re8 10. O-O Nf8 11. Bh4 Ng6 12. Bg3 Nh5 13. Rab1 Bg4 14. Ne5 Nxg3
15. hxg3 Nxe5 16. Bxh7+ Kh8 17. dxe5 Bf8 18. f3 Be6 19. Ne2 g6 20. Bxg6 fxg6
21. Qxg6 Qd7 22. Kf2 Qg7 23. Rh1+ Kg8 24. Qc2 Bf7 25. f4 Bg6 26. f5 Qf7 27. g4
Rxe5 28. Nf4 Bxf5 29. gxf5 Qxf5 30. Qc3 Bg7 31. Qb3 Rae8 32. Rbe1 Rxe3 33. Qb4
R8e4 0-1

[Event "16. Obert Int. Sant Martí 2014 Grupo B"]
[Site "Barcelona ESP"]
[Date "2014.07.21"]
[Round "9.3"]
[White "Cardenas, Fernando Adrian"]
[Black "Tadevosyan, Galust"]
[Result "1-0"]
[WhiteElo "2060"]
[BlackElo "1843"]
[PlyCount "89"]
[EventDate "2014.07.13"]
[EventType "swiss"]
[EventRounds "9"]
[EventCountry "ESP"]
[Source "lmi"]
[SourceDate "2014.07.13"]

1. Nf3 Nf6 2. d4 c5 3. d5 d6 4. g3 g6 5. Bg2 Bg7 6. O-O b5 7. a4 b4 8. Re1 O-O
9. e4 Bb7 10. Nbd2 Nbd7 11. a5 Ng4 12. Ng5 h5 13. h3 Nh6 14. a6 Bc8 15. f4 Bd4+
16. Kf1 Qb6 17. Qe2 Nb8 18. Nc4 Qc7 19. f5 Bxa6 20. Rxa6 Nxa6 21. Ne6 fxe6 22.
Bxh6 exf5 23. Bxf8 Rxf8 24. e5 dxe5 25. Nxe5 Qd6 26. Bf3 Nc7 27. Kg2 Nxd5 28.
Qc4 Bxe5 29. Qxd5+ e6 30. Qxe5 Rd8 31. Qf6 e5 32. Qxe5 Qxe5 33. Rxe5 Rc8 34.
Kf2 Kg7 35. Re7+ Kf6 36. Rxa7 b3 37. c3 Rd8 38. Ra6+ Ke5 39. Ke2 h4 40. gxh4
Rh8 41. Rxg6 Rxh4 42. Bg2 Kf4 43. Kf2 Ke5 44. Rc6 Rf4+ 45. Kg3 1-0

[Event "16. Obert Int. Sant Martí 2014 Grupo B"]
[Site "Barcelona ESP"]
[Date "2014.07.21"]
[Round "9.4"]
[White "Perez Garcia, Adria"]
[Black "Albert Cristobal, Jorge"]
[Result "1-0"]
[WhiteElo "1979"]
[BlackElo "1993"]
[PlyCount "103"]
[EventDate "2014.07.13"]
[EventType "swiss"]
[EventRounds "9"]
[EventCountry "ESP"]
[Source "lmi"]
[SourceDate "2014.07.13"]

1. e4 Nc6 2. Nf3 f5 3. exf5 d5 4. Bb5 Bxf5 5. Ne5 Qd6 6. d4 Nf6 7. O-O Nd7 8.
Nc3 Ncxe5 9. dxe5 Qg6 10. Bxd7+ Bxd7 11. Nxd5 O-O-O 12. Nf4 Qf5 13. Qe2 g5 14.
Nd3 e6 15. f4 g4 16. Be3 Qe4 17. Rae1 Qa4 18. b3 Qa5 19. Qxg4 Be7 20. Qe2 Rhg8
21. c4 Bc6 22. g3 Qc3 23. Rd1 h5 24. Qd2 Rxd3 25. Qxd3 Qa5 26. Qh7 Re8 27. Qxh5
Qxa2 28. Rf2 Qxb3 29. Qe2 Rg8 30. Qd3 Qa4 31. Rff1 Qa2 32. Rd2 Qa5 33. Qe2 a6
34. Ra2 Qc3 35. Rc1 Qb3 36. Raa1 Rd8 37. Rd1 Rg8 38. Qd3 Qb2 39. Qd2 Qb3 40.
Rdc1 Rd8 41. Qe2 Rd3 42. Bf2 Bf3 43. Qa2 Qb4 44. Rab1 Qd2 45. Rc2 Qd1+ 46. Rxd1
Rxd1+ 47. Be1 Bg4 48. Kf1 Rd3 49. Bf2 Bf5 50. Rd2 Rc3 51. Qa4 Bh3+ 52. Ke1 1-0

[Event "16. Obert Int. Sant Martí 2014 Grupo B"]
[Site "Barcelona ESP"]
[Date "2014.07.21"]
[Round "9.5"]
[White "Garcia Ruiz, Adrian"]
[Black "Garcia Espelta, Josep"]
[Result "1/2-1/2"]
[WhiteElo "2023"]
[BlackElo "2072"]
[PlyCount "117"]
[EventDate "2014.07.13"]
[EventType "swiss"]
[EventRounds "9"]
[EventCountry "ESP"]
[Source "lmi"]
[SourceDate "2014.07.13"]

1. e4 c5 2. Nf3 Nc6 3. d4 cxd4 4. Nxd4 Qc7 5. Nc3 e6 6. Be3 a6 7. Qd2 Nf6 8. f3
Bb4 9. O-O-O Ne7 10. Nde2 d5 11. Bg5 dxe4 12. Bxf6 gxf6 13. Qd4 exf3 14. Qxb4
fxe2 15. Bxe2 Nc6 16. Qh4 f5 17. Kb1 Qe7 18. Qh6 Bd7 19. Bf3 O-O-O 20. Rhe1 e5
21. Nd5 Qe6 22. Qd2 e4 23. Qc3 Qe5 24. Qa3 Be6 25. Nc3 Qa5 26. Qxa5 Nxa5 27.
Be2 Nc6 28. g4 fxg4 29. Nxe4 Nd4 30. Bd3 Nf3 31. Re2 Ne5 32. Ng5 Nxd3 33. Nxe6
fxe6 34. cxd3 Rd6 35. Rde1 Rxd3 36. Rxe6 Rhd8 37. Rh6 R8d7 38. Re8+ Kc7 39. Re4
Rg7 40. Rh4 Rh3 41. Rexg4 Rxg4 42. Rxg4 Rxh2 43. Kc1 h5 44. Rg7+ Kc6 45. Rh7 h4
46. Rh5 h3 47. a3 Kd6 48. Kb1 Kc6 49. Ka2 Kd6 50. Kb3 Rh1 51. a4 b6 52. a5 bxa5
53. Rxa5 h2 54. Rxa6+ Ke5 55. Rh6 Kf4 56. Rh8 Kg3 57. Rg8+ Kf2 58. Rf8+ Kg2 59.
Rg8+ 1/2-1/2

[Event "16. Obert Int. Sant Martí 2014 Grupo B"]
[Site "Barcelona ESP"]
[Date "2014.07.21"]
[Round "9.6"]
[White "Torras Chicon, Adria"]
[Black "Barragan Hernandez, Manel"]
[Result "0-1"]
[WhiteElo "1996"]
[BlackElo "1990"]
[PlyCount "52"]
[EventDate "2014.07.13"]
[EventType "swiss"]
[EventRounds "9"]
[EventCountry "ESP"]
[Source "lmi"]
[SourceDate "2014.07.13"]

1. e4 c5 2. Nf3 d6 3. Bb5+ Nd7 4. O-O a6 5. Be2 Ngf6 6. d3 g6 7. a4 Bg7 8. Nc3
O-O 9. a5 Ng4 10. Nd2 Nge5 11. f4 Nc6 12. Nc4 Nd4 13. Nd5 Nf6 14. Ndb6 Rb8 15.
c3 Nxe2+ 16. Qxe2 Bd7 17. Nxd7 Qxd7 18. Be3 Qc6 19. Rab1 Nd7 20. Qf3 b5 21.
axb6 Nxb6 22. Nxb6 Rxb6 23. d4 cxd4 24. cxd4 Rb3 25. Rfc1 Qb6 26. Qf2 Rxe3 0-1

[Event "16. Obert Int. Sant Martí 2014 Grupo B"]
[Site "Barcelona ESP"]
[Date "2014.07.21"]
[Round "9.7"]
[White "Volart Buil, Jordi"]
[Black "Carrey Abellan, Enric"]
[Result "0-1"]
[WhiteElo "1943"]
[BlackElo "1991"]
[PlyCount "120"]
[EventDate "2014.07.13"]
[EventType "swiss"]
[EventRounds "9"]
[EventCountry "ESP"]
[Source "lmi"]
[SourceDate "2014.07.13"]

1. d4 Nf6 2. c4 c5 3. d5 b5 4. Nd2 g6 5. e4 d6 6. cxb5 Bg7 7. f3 a6 8. bxa6 O-O
9. Bc4 Nbd7 10. Ne2 Ne5 11. Qc2 Qa5 12. O-O Nfd7 13. a4 Bxa6 14. Bxa6 Qxa6 15.
Nb1 Rfb8 16. Nbc3 Nd3 17. Rb1 N7e5 18. Nb5 Qxa4 19. Qxa4 Rxa4 20. Nec3 Rb4 21.
b3 c4 22. Ba3 Rxb3 23. Rxb3 cxb3 24. Rb1 Nc4 25. Rxb3 Nd2 26. Bxd6 exd6 27. Ra3
Rc8 28. h3 Nc4 29. Ra6 Be5 30. g3 Bxg3 31. Rc6 Nb6 32. Kg2 Rxc6 33. dxc6 Be5
34. Nd5 Nc8 35. Kf1 Nf4 36. h4 Kf8 37. Kf2 h5 38. Na3 Nxd5 39. exd5 Ke7 40. Nc4
Bd4+ 41. Kg3 Nb6 42. c7 Kd7 43. c8=Q+ Nxc8 44. Kf4 f6 45. Nd2 Ne7 46. Ke4 Bf2
47. f4 Bxh4 48. Nf3 Bf2 49. Nd2 Nf5 50. Kf3 Bd4 51. Ke4 h4 52. Nf3 Bc5 53. Nh2
Ke7 54. Kf3 Kf7 55. Nf1 Kg7 56. Nd2 Ne3 57. Ke4 h3 58. Kf3 Nxd5 59. Nf1 Bg1 60.
Ng3 Bh2 0-1

[Event "16. Obert Int. Sant Martí 2014 Grupo B"]
[Site "Barcelona ESP"]
[Date "2014.07.21"]
[Round "9.8"]
[White "Perez Garcia, Jose Miguel"]
[Black "Navarro Gutierrez, Andres Camilo"]
[Result "0-1"]
[WhiteElo "1945"]
[BlackElo "2078"]
[PlyCount "92"]
[EventDate "2014.07.13"]
[EventType "swiss"]
[EventRounds "9"]
[EventCountry "ESP"]
[Source "lmi"]
[SourceDate "2014.07.13"]

1. Nc3 d5 2. d4 Nf6 3. Bf4 Bf5 4. f3 e6 5. g4 Bg6 6. h4 h5 7. g5 Nfd7 8. e3 Bb4
9. Bd3 Bxc3+ 10. bxc3 O-O 11. Bxg6 fxg6 12. Qd3 Kh7 13. Ne2 Qe8 14. Bxc7 Rxf3
15. Nf4 Na6 16. Bd6 e5 17. dxe5 Nxe5 18. Bxe5 Qxe5 19. O-O-O Qxe3+ 20. Qxe3
Rxe3 21. Nxd5 Re4 22. Kb2 Rc8 23. Rde1 Rcc4 24. Rhf1 Rxe1 25. Rxe1 Rxh4 26. Re7
Kg8 27. Rxb7 Nc5 28. Ne7+ Kf7 29. Rxa7 Ra4 30. Rc7 Ne6 31. Rb7 h4 32. Nf5+ Kf8
33. Rb8+ Kf7 34. Rb7+ Kg8 35. Re7 gxf5 36. Rxe6 h3 37. g6 Kf8 38. Re2 Rh4 39.
Rh2 Ke7 40. a4 Kd6 41. Kc1 Ke5 42. a5 Kf4 43. a6 Kg3 44. Rh1 Ra4 45. Rg1+ Kh4
46. a7 Rxa7 0-1

[Event "16. Obert Int. Sant Martí 2014 Grupo B"]
[Site "Barcelona ESP"]
[Date "2014.07.21"]
[Round "9.9"]
[White "Petit Montes, Marc"]
[Black "Fabregas Fontanet, Antoni"]
[Result "0-1"]
[WhiteElo "2040"]
[BlackElo "2051"]
[PlyCount "66"]
[EventDate "2014.07.13"]
[EventType "swiss"]
[EventRounds "9"]
[EventCountry "ESP"]
[Source "lmi"]
[SourceDate "2014.07.13"]

1. d4 d6 2. c4 g6 3. Nc3 Bg7 4. e4 Nc6 5. Be3 Nf6 6. Nge2 O-O 7. Ng3 e5 8. d5
Nd4 9. Be2 c5 10. dxc6 bxc6 11. Bxd4 exd4 12. Qxd4 Nd5 13. Qd2 Nxc3 14. bxc3
Qa5 15. Rc1 Be6 16. O-O Qc5 17. Rfd1 Rfd8 18. Qd3 Rab8 19. Nf1 Rb2 20. Ne3 Rxa2
21. Ra1 Ra3 22. Rdc1 Rb8 23. Rab1 Rxb1 24. Rxb1 Be5 25. Rc1 a5 26. g3 a4 27. f4
Bxc4 28. Qd2 Ra2 29. Rc2 Rxc2 30. Qxc2 Qxe3+ 31. Kf1 Bxe2+ 32. Qxe2 Qxe2+ 33.
Kxe2 Bxc3 0-1

[Event "16. Obert Int. Sant Martí 2014 Grupo B"]
[Site "Barcelona ESP"]
[Date "2014.07.21"]
[Round "9.10"]
[White "Liarte Genoves, Sergi"]
[Black "Ramos Alvarez, Maximo"]
[Result "1-0"]
[WhiteElo "2051"]
[BlackElo "2001"]
[PlyCount "95"]
[EventDate "2014.07.13"]
[EventType "swiss"]
[EventRounds "9"]
[EventCountry "ESP"]
[Source "lmi"]
[SourceDate "2014.07.13"]

1. e4 d5 2. exd5 Nf6 3. Nc3 Nxd5 4. Bc4 Nb6 5. Bb3 Nc6 6. d3 Nd4 7. Be3 Nxb3 8.
axb3 Bf5 9. Qf3 Bc8 10. Bxb6 cxb6 11. Qg3 Qd7 12. Nf3 f6 13. O-O e6 14. Nd2 Bd6
15. f4 O-O 16. Nce4 Bc7 17. Qh4 Bd8 18. Qg3 Bc7 19. c3 f5 20. Nf2 Qd6 21. Nc4
Qc6 22. d4 b5 23. Ne5 Bxe5 24. fxe5 Qd5 25. b4 Bd7 26. Nd3 Bc6 27. h4 Kh8 28.
h5 Rg8 29. Nf4 Qd7 30. Qh4 h6 31. Kf2 b6 32. Rae1 a5 33. bxa5 Rxa5 34. Ke3 Ra2
35. Re2 Bd5 36. Rd2 Bc4 37. Rff2 Rga8 38. g4 Qc6 39. Ng6+ Kh7 40. gxf5 Ra1 41.
Rg2 Rf1 42. Qg3 Rf3+ 43. Qxf3 Qxf3+ 44. Kxf3 Bd5+ 45. Ke3 Bxg2 46. Rxg2 exf5
47. Kf4 b4 48. Kxf5 1-0

[Event "16. Obert Int. Sant Martí 2014 Grupo B"]
[Site "Barcelona ESP"]
[Date "2014.07.21"]
[Round "9.11"]
[White "Flores Liñan, Josep Luis"]
[Black "Dougas Chavarria, Nestor"]
[Result "0-1"]
[WhiteElo "2016"]
[BlackElo "2050"]
[PlyCount "122"]
[EventDate "2014.07.13"]
[EventType "swiss"]
[EventRounds "9"]
[EventCountry "ESP"]
[Source "lmi"]
[SourceDate "2014.07.13"]

1. d4 d5 2. Bg5 g6 3. Nf3 Bg7 4. e3 c5 5. Bb5+ Bd7 6. Bxd7+ Nxd7 7. O-O Ngf6 8.
Nbd2 Qb6 9. Qc1 cxd4 10. exd4 Rc8 11. Re1 e6 12. c3 Qc7 13. Nf1 O-O 14. Bf4 Qc4
15. Ne5 Nxe5 16. Bxe5 b5 17. f3 b4 18. Bd6 bxc3 19. Bxf8 Qxd4+ 20. Qe3 Qxe3+
21. Nxe3 cxb2 22. Rab1 Kxf8 23. Nd1 Nd7 24. Nxb2 Rc2 25. Nd3 Rxa2 26. Rb7 Ke8
27. Rc1 Ra1 28. Rxa1 Bxa1 29. Kf1 a5 30. Rb5 Bc3 31. Nc5 Nxc5 32. Rxc5 d4 33.
Ke2 Kd7 34. Kd3 a4 35. Rc4 a3 36. Ra4 Bb2 37. g4 g5 38. Ke4 Kc6 39. Kd3 Kb5 40.
Ra8 Kb4 41. Rb8+ Ka4 42. Kc2 Bc3 43. Rb7 f5 44. Rxh7 Kb5 45. Ra7 Bb2 46. Kb3
Kc5 47. Ra5+ Kd6 48. gxf5 exf5 49. Rxf5 Bc1 50. Ra5 d3 51. Kc3 d2 52. Kc2 Kc6
53. Rxg5 d1=Q+ 54. Kxd1 Bxg5 55. Kc2 Be7 56. Kb3 Kd7 57. h4 Ke6 58. f4 Kf6 59.
h5 Kg7 60. f5 Kh6 61. f6 Bf8 0-1